000 00280nam a22001337a 4500
008 181004b xxu||||| |||| 00| 0 eng d
020 _a9780201515077
041 _aeng
080 _a510
100 _a37
101 _aMAT
245 _aMathematica
_cWolfram.S
942 _2udc
_cBK
999 _c48839
_d48839